000 00294nam a2200109Ia 4500
008 220204s9999 xx 000 0 und d
082 _a339.5.057.7
_bSIN
100 _aSINGH, M L
245 0 _aSectoral terms of trade and economic growth in India
260 _aIndia
_bSterling
_c1976
942 _cBK
999 _c26388
_d26388